| 000 | 005250000a22001810004500 | ||
|---|---|---|---|
| 003 | MACL | ||
| 005 | 20160517124917.0 | ||
| 008 | 160517b xxu||||| |||| 00| 0 eng d | ||
| 040 |
_aMACL _cMACL |
||
| 041 | _aHindi | ||
| 082 | _a891.433 | ||
| 100 |
_aशर्मा, दीपक _956695 |
||
| 245 |
_aतल घर _cदीपक शर्मा |
||
| 260 |
_aदिल्ली _bआर्य प्रकाशन मंडल _c2011 |
||
| 350 | _a175 | ||
| 650 |
_aStories _957565 |
||
| 942 |
_cHIN _k891.433/SHA _2ddc |
||
| 999 |
_c49214 _d49214 |
||